| 000 | 01106cam a22002651 4500 | ||
|---|---|---|---|
| 001 | sa 68005451 | ||
| 003 | DLC | ||
| 005 | 20260227112509.0 | ||
| 008 | 710915s1966 ii 000 0 eng | ||
| 010 | _asa 68005451 //r884 | ||
| 025 | _aPL480:I-E-7441 | ||
| 040 |
_aDLC _cDLC _dDLC |
||
| 043 | _aa-ii--- | ||
| 050 | 0 | 0 |
_aJQ532.Z2 _bA52 |
| 082 | 0 | 0 | _a354.54/82/001 |
| 110 | 1 | 0 | _aMadras (India : State) |
| 245 | 1 | 4 | _aThe fundamental rules of the Madras Government, corrected up to 30th June, 1966. |
| 250 | _a2d ed. | ||
| 260 | 0 |
_aMadras, _bPrinted by the Director of Sationery and Print. on behalf of the Govt. of Madras, _c1966. |
|
| 300 |
_aii, 426 p. _c25 cm. |
||
| 350 | _aRs4.15 | ||
| 500 | _aSupplemented by "First list of corrections to the fundamental rules of the Madras Government, 2d. ed. (corr.) up to 30th June 1966 for the period from 1st July 1966 to 31st December 1970" (34 p. 25 cm.) with cover title and published: Madras, l971. At head of title: Govt. of Tamil Nadu. | ||
| 651 | 0 |
_aTamil Nadu (India) _xOfficials and employees _xSalaries, etc. |
|
| 710 | 1 | 0 | _aTamil Nadu (India) |
| 999 |
_c80755 _d80755 |
||